|
|
|
|
| LEADER |
01104nam a2200277 a 4500 |
| 001 |
252067 |
| 008 |
100111s1999 onc b 001 0 eng d |
| 010 |
|
|
|a 99226833
|
| 020 |
|
|
|a 1896357245 :
|c $16.95
|
| 040 |
|
|
|a CaOTU
|b eng
|c NLC
|d DLC
|d BD-DhAAL
|
| 082 |
0 |
0 |
|a 301
|2 21
|
| 100 |
1 |
|
|a Swift, Jamie,
|d 1951-
|
| 245 |
1 |
0 |
|a Civil society in question /
|c Jamie Swift.
|
| 260 |
|
|
|a Toronto :
|b Between the Lines,
|c c1999.
|
| 300 |
|
|
|a 170 p. ;
|c 21 cm.
|
| 500 |
|
|
|a "Published in collaboration with South Asia Partnership Canada"--T.p. verso.
|
| 504 |
|
|
|a Includes bibliographical references (p. 153-165) and index.
|
| 541 |
1 |
|
|e 00012736
|
| 650 |
|
0 |
|a Civil society.
|
| 650 |
|
0 |
|a Non-governmental organizations.
|
| 650 |
|
0 |
|a Economic development
|x Citizen participation.
|
| 650 |
|
0 |
|a Voluntarism.
|
| 650 |
|
0 |
|a Technical assistance, Canadian
|z South Asia.
|
| 852 |
4 |
|
|a Ayesha Abed Library
|j General Shelf.
|
| 999 |
|
|
|c 6858
|d 6858
|
| 952 |
|
|
|0 0
|1 0
|2 ddc
|4 0
|6 301_000000000000000_SWI
|7 0
|9 7069
|a BRACUL
|b BRACUL
|c GEN
|d 2010-01-11
|l 0
|o 301 SWI
|p 3010012736
|r 2010-01-11
|t 1
|w 2010-01-11
|y BK
|x Price not available in Register
|